| 000 | 00911cam a2200253 4500 | ||
|---|---|---|---|
| 001 | 1252803 | ||
| 003 | ARRUPE | ||
| 005 | 20131001171539.0 | ||
| 008 | 700401s1969 nyu b 001 0 eng | ||
| 010 | _a 73079174 | ||
| 040 |
_aDLC _cDLC _dDLC |
||
| 050 | 0 | 0 |
_aPR1224 _b.W49 1969 |
| 100 | 1 |
_aWiley, Paul L. _q(Paul Luzon), _d1914-1979, _ecomp. _91977 |
|
| 245 | 1 | 0 |
_aBritish poetry 1880-1920; _bEdwardian voices. _cEdited by Paul L. Wiley [and] Harold Orel. |
| 260 |
_aNew York, _bAppleton-Century-Crofts _c[1969] |
||
| 300 |
_axliii, 681 p. _c27 cm. |
||
| 504 | _aBibliography: p. 617-663. | ||
| 650 | 0 |
_aEnglish poetry _y19th century. _91978 |
|
| 650 | 0 |
_aEnglish poetry _y20th century. _91979 |
|
| 651 | 0 |
_aGreat Britain _xHistory _yEdward VII, 1901-1910 _vPoetry. _91980 |
|
| 700 | 1 |
_aOrel, Harold, _d1926- _ejoint comp. _91981 |
|
| 906 |
_a7 _bcbc _corignew _du _encip _f19 _gy-gencatlg |
||
| 942 |
_2lcc _cMONOGRAPH |
||
| 999 |
_c118217 _d118217 |
||